00923cam a2200289 a 450000100090000000300040000900500170001300800410003001000170007102000180008804000180010604200090012405000250013310000230015824500430018126000400022430000210026452001450028552100070043052600080043756200060044565000240045165000220047565000230049765000230052085600900054312812168OSt20140310184459.0020610s2003 nyu c 000 1 eng  a 2002009078 a9780439591812 aDLCcDLCdDLC alcac00aPZ 7b.M82712Ke 20031 aMorpurgo, Michael.10aKensuke's kingdom /cMichael Morpurgo. aNew York :bScholastic Press,c2003 a164 p. ;c19 cm. aWhen Michael is swept off his family's yacht, he washes up on a desert island, where he struggles to survive--until he finds he is not lone. aG5 c730 e1 1aCastawaysvFiction. 1aIslandsvFiction. 1aJapanesevFiction. 1aSurvivalvFiction.423Publisher descriptionuhttp://www.loc.gov/catdir/description/schol051/2002009078.html